|
|
|
|
| LEADER |
01125nam a2200289 u 4500 |
| 001 |
10117921 |
| 003 |
upatras |
| 005 |
20250201063404.0 |
| 008 |
151014s1986 us eng |
| 020 |
|
|
|a 0716717387
|
| 040 |
|
|
|a GR-PaULI
|c GR-PaULI
|
| 041 |
0 |
|
|a eng
|
| 082 |
0 |
4 |
|a 613.2
|
| 100 |
1 |
|
|a Logue, A. W. (Alexandra W.)
|4 aut
|9 146831
|
| 245 |
1 |
0 |
|a The psychology of eating and drinking
|c A. W. Logue
|
| 260 |
|
|
|a New York
|b W. H. Freeman and Company
|c 1986
|
| 300 |
|
|
|a xi, 298 p.
|b ill.
|c 24 cm.
|
| 490 |
0 |
|
|a A series of books in psychology
|
| 504 |
|
|
|a Includes bibliographical references and indexes
|
| 650 |
|
4 |
|a Διατροφικές συνήθειες
|x Ψυχολογικές απόψεις
|9 146832
|
| 650 |
|
0 |
|a Διατροφή
|9 7488
|
| 760 |
0 |
|
|a A series of books in psychology
|
| 852 |
|
|
|a GR-PaULI
|b ΠΑΤΡΑ
|b ΠΤΔΕ
|k ΑΣΧΞ
|h 613.2 LOG
|m 11502
|p 025000211296
|t 1
|
| 942 |
|
|
|2 ddc
|c BK15
|
| 952 |
|
|
|0 0
|1 0
|4 0
|6 613_200000000000000_LOG
|7 0
|9 185290
|a PTDE
|b PTDE
|d 2016-04-24
|i 11502
|l 0
|o 613.2 LOG
|p 025000211296
|r 2016-04-24 00:00:00
|t 1
|w 2016-04-24
|y BK15
|
| 998 |
|
|
|c ΤΣΕΝΕ
|d 2015-10
|
| 999 |
|
|
|c 114168
|d 114168
|